000 00554nam a2200133Ia 4500
005 20260209120151.0
008 260209s9999||||xx |||||||||||||| ||und||
100 _aShubham Singh Bais
245 0 _aError 404 : evidence not admissible - debugging evidentiary issues in India's digital forensics and cyber evidence standards
260 _aBangaloreBangalore
_bNLSIU, Bangalore
_c2023 - 2024
300 _a49 p. ; 25 cm.
700 _aMs. Darshana Mitra - SupervisorMs. Darshana Mitra - Supervisor
856 _uhttps://dans.nls.ac.in/handle/123456789/2221
999 _c217715
_d217715